The intelligent investor ; a book of practical counsel.

Bibliographic Details
Main Author: Graham, Benjamin, 1894-1976
Format: Book
Language:English
Published: New York : Harper, [1959]
Edition:[2d rev. ed.].
Subjects:

MARC

Tag First Indicator Second Indicator Subfields
LEADER 00000cam a2200000 4500
001 in00000072257
005 20151008052443.0
008 720228s1959 nyu 00000 eng u
010 |a  59009946  
035 |a (OCoLC)00250736 
035 |9 AAH3415AM 
040 |c WSU  |d TXA  |d UtOrBLW 
049 |a TXAM  |c 1 [315827],c2 [315480] 
050 0 |a HG4521  |b .G665 1959 
092 |a 332.67  |b G738i, 1959 
100 1 |a Graham, Benjamin,  |d 1894-1976. 
245 1 4 |a The intelligent investor ;  |b a book of practical counsel. 
250 |a [2d rev. ed.]. 
264 1 |a New York :  |b Harper,  |c [1959] 
300 |a 292 pages 
336 |a text  |b txt  |2 rdacontent 
337 |a unmediated  |b n  |2 rdamedia 
338 |a volume  |b nc  |2 rdacarrier 
650 0 |a Securities. 
650 0 |a Investments. 
999 |a MARS 
999 f f |s 0985ff35-d108-384f-9dcc-5c505fe8a306  |i 70fd92f6-2a89-3898-9748-06e280dd7370  |t 0 
952 f f |p normal  |a Texas A&M University  |b College Station  |c Sterling C. Evans Library  |d Evans: Library Stacks  |t 0  |e HG4521 .G665 1959  |h Library of Congress classification  |i unmediated -- volume  |m A14800737078 
998 f f |a HG4521 .G665 1959  |t 0  |l Evans: Library Stacks